000 00288nam a22001337a 4500
008 171107b xxu||||| |||| 00| 0 eng d
020 _a04798100
041 _aeng
080 _a330.322
100 _a63
101 _aINV
245 _aINVESTMENTS AND TAXES
_cHAMMER,S
942 _2udc
_cBK
999 _c38111
_d38111